000 00359nam a2200145Ia 4500
008 191201s2011 xx 000 0 und d
082 _a332.1
_bGUB
100 _aGULATI,Neelam C
245 0 _aBanking and insurance principles and Practices
250 _a1st
260 _aN. delhi
_bExcel Books
_c2011
300 _a632
650 _aBBA
942 _2ddc
_cBK
_01
999 _c5540
_d5540